Got questions? : (Record no. 6929)
[ view plain ]
| 000 -LEADER | |
|---|---|
| fixed length control field | 01120cam a2200313 a 4500 |
| 001 - CONTROL NUMBER | |
| control field | 15589953 |
| 003 - CONTROL NUMBER IDENTIFIER | |
| control field | GBCCL |
| 005 - DATE AND TIME OF LATEST TRANSACTION | |
| control field | 20241126110615.0 |
| 008 - FIXED-LENGTH DATA ELEMENTS--GENERAL INFORMATION | |
| fixed length control field | 090116s2009 wau 001 0 eng |
| 010 ## - | |
| -- | 2009921025 |
| 020 ## - INTERNATIONAL STANDARD BOOK NUMBER | |
| International Standard Book Number | 9781414112022 (hard cover : alk. paper) |
| 020 ## - INTERNATIONAL STANDARD BOOK NUMBER | |
| International Standard Book Number | 9781414112084 (soft cover : alk. paper) |
| 040 ## - CATALOGING SOURCE | |
| Original cataloging agency | DLC |
| Transcribing agency | DLC |
| Modifying agency | DLC |
| 050 00 - | |
| -- | BS612 |
| -- | .G68 2009 |
| 082 00 - DEWEY DECIMAL CLASSIFICATION NUMBER | |
| Classification number | 230.076 |
| Edition information | 22 |
| Item number | GOT |
| 245 00 - TITLE STATEMENT | |
| Title | Got questions? : |
| Remainder of title | Bible questions answered : answers to the questions people are really asking / |
| Statement of responsibility, etc. | S. Michael Houdmann, general editor. |
| 250 ## - EDITION STATEMENT | |
| Edition statement | Indian edition |
| 260 ## - PUBLICATION, DISTRIBUTION, ETC. | |
| Place of publication, distribution, etc. | Enumclaw, WA : |
| Name of publisher, distributor, etc. | Pleasant Word, |
| Date of publication, distribution, etc. | c2009. |
| 300 ## - PHYSICAL DESCRIPTION | |
| Extent | xii, 703 p. ; |
| Dimensions | 24 cm. |
| 500 ## - GENERAL NOTE | |
| General note | "www.GotQuestions.org." |
| 500 ## - GENERAL NOTE | |
| General note | Includes indexes. |
| 630 00 - SUBJECT ADDED ENTRY--UNIFORM TITLE | |
| Uniform title | Bible |
| Form subdivision | Miscellanea. |
| 9 (RLIN) | 1583 |
| 650 #0 - SUBJECT ADDED ENTRY--TOPICAL TERM | |
| Topical term or geographic name entry element | Christian life |
| General subdivision | Biblical teaching |
| Form subdivision | Miscellanea. |
| 9 (RLIN) | 12345 |
| 700 1# - ADDED ENTRY--PERSONAL NAME | |
| Personal name | Houdmann, S. Michael. |
| 9 (RLIN) | 12346 |
| 730 0# - | |
| -- | GotQuestions.org. |
| -- | 12347 |
| 906 ## - LOCAL DATA ELEMENT F, LDF (RLIN) | |
| a | 7 |
| b | cbc |
| c | orignew |
| d | 2 |
| e | epcn |
| f | 20 |
| g | y-gencatlg |
| 942 ## - ADDED ENTRY ELEMENTS (KOHA) | |
| Source of classification or shelving scheme | Dewey Decimal Classification |
| Koha item type | Reference Books |
| Withdrawn status | Lost status | Source of classification or shelving scheme | Damaged status | Not for loan | Home library | Current Library | Shelving location | Date acquired | Total checkouts | Full call number | Barcode | Date last seen | Copy number | Price effective from | Koha item type | Source of acquisition | Cost, normal purchase price | Cost, replacement price |
|---|---|---|---|---|---|---|---|---|---|---|---|---|---|---|---|---|---|---|
| Dewey Decimal Classification | GRACE BIBLE COLLEGE | GRACE BIBLE COLLEGE | Handbook | 2018-07-04 | 230.076 GOT | 012934 | 2025-05-01 | c.1 | 2018-07-04 | Reference Books | ||||||||
| Dewey Decimal Classification | GRACE BIBLE COLLEGE | GRACE BIBLE COLLEGE | Handbook | 2020-02-26 | 230.076 GOT | 013985 | 2025-05-01 | c.2 | 2020-02-26 | Reference Books | 19 | 450.00 | 450.00 | |||||
| Dewey Decimal Classification | GRACE BIBLE COLLEGE | GRACE BIBLE COLLEGE | Handbook | 2020-02-26 | 230.076 GOT | 013986 | 2025-05-01 | c.3 | 2020-02-26 | Reference Books | 19 | 450.00 | 450.00 | |||||
| Dewey Decimal Classification | GRACE BIBLE COLLEGE | GRACE BIBLE COLLEGE | Handbook | 2021-02-01 | 230.076 GOT | 013863 | 2025-05-01 | c.4 | 2021-02-01 | Reference Books | ||||||||
| Dewey Decimal Classification | GRACE BIBLE COLLEGE | GRACE BIBLE COLLEGE | Handbook | 2021-11-16 | 230.076 GOT | 015324 | 2025-05-01 | c.5 | 2021-11-16 | Reference Books | ||||||||
| Dewey Decimal Classification | GRACE BIBLE COLLEGE | GRACE BIBLE COLLEGE | Handbook | 2021-11-16 | 230.076 GOT | 015325 | 2025-05-01 | c.6 | 2021-11-16 | Reference Books |